[Event "Campeonato de Aragon por Equipos - Division de Honor"]
[Site ""]
[Date "2022.03.05"]
[Round "6.28"]
[White "Llanes Luno, Ricardo"]
[Black "Sierra Aguerri, Joaquin"]
[Result "1/2-1/2"]
[WhiteElo "2203"]
[BlackElo "2097"]
[PlyCount "0"]
[WhiteTeam "Delicias"]
[BlackTeam "Tauste"]
[EventDate "2022.01.29"]

1. e4 d5 2. exd5 Qxd5 3. Nc3 Qa5 4. d4 Nf6 5. Nf3 Bf5 6. Bc4 c6 7. Bd2 e6 8.
Qe2 Bb4 9. a3 Nbd7 10. O-O-O Bxc3 11. Bxc3 Qc7 12. Ne5 Nxe5 13. dxe5 Nd5 14.
Bxd5 exd5 15. g4 Be4 16. f3 Bg6 17. Qe3 b6 18. h4 h5 19. e6 O-O-O 20. Bxg7 Rhe8
21. Be5 Qe7 22. exf7 Qxf7 23. Qf4 Rd7 24. Qxf7 Rxf7 25. f4 hxg4 26. h5 Be4 27.
Rh4 g3 28. h6 g2 29. Bg7 Bh7 30. Kd2 Re4 31. Rg1 Rfxf4 32. Rxf4 Rxf4 33. Rxg2
Kd7 34. Be5 Rf7 35. Rg7 Rxg7 36. Bxg7 a5 37. c3 a4 38. Ke3 Ke6 39. Bd4 b5 40.
Bg7 Kf7 41. Kd4 Ke6 42. Bf8 Bb1 43. Ke3 Kf7 44. Bd6 Kg8 45. Kd4 Ba2 46. Kc5 Bc4
47. Kxc6 Kh7 48. Bf4 Kg6 49. Kd6 Kh7 50. Ke7 Bb3 1/2-1/2

[Event "Campeonato de Aragon por Equipos - Division de Honor"]
[Site ""]
[Date "2022.03.05"]
[Round "6.29"]
[White "Fernandez Rubio, Rafael"]
[Black "Llanes Luno, Pedro Alfredo"]
[Result "1-0"]
[WhiteElo "2068"]
[BlackElo "2041"]
[PlyCount "0"]
[WhiteTeam "Tauste"]
[BlackTeam "Delicias"]
[EventDate "2022.01.29"]

1. c4 g6 2. d4 Bg7 3. Nf3 d6 4. e4 Nf6 5. Nc3 O-O 6. h3 c6 7. Bf4 a6 8. a4 Qa5
9. Bd3 Nh5 10. Be3 e5 11. d5 f5 12. exf5 cxd5 13. fxg6 d4 14. gxh7+ Kf7 15.
Ng5+ Ke7 16. Qxh5 dxc3 17. O-O cxb2 18. Rad1 Bd7 19. h8=Q Bxh8 20. Qh7+ Kd8 21.
Nf7+ Kc8 22. Nxh8 Bxa4 23. Ng6 Re8 24. Ne7+ Kd7 25. Nc6+ Kxc6 26. Be4+ d5 27.
Bxd5+ Kd6 28. Bxb7+ Bxd1 29. Rxd1+ Ke6 30. Qg6+ Ke7 31. Bg5+ Kf8 32. Bh6+ Ke7
33. Qd6+ 1-0

[Event "Campeonato de Aragon por Equipos - Division de Honor"]
[Site ""]
[Date "2022.03.05"]
[Round "6.30"]
[White "Roche Simon, Manuel Angel"]
[Black "Sancho Casale, Jesus"]
[Result "1-0"]
[WhiteElo "2027"]
[BlackElo "1954"]
[PlyCount "0"]
[WhiteTeam "Delicias"]
[BlackTeam "Tauste"]
[EventDate "2022.01.29"]

1. e4 e5 2. Nf3 Nc6 3. Bb5 a6 4. Ba4 Nf6 5. d4 exd4 6. e5 Ne4 7. O-O Be7 8.
Nxd4 O-O 9. Bb3 Nxd4 10. Qxd4 Nc5 11. Bf4 Ne6 12. Bxe6 dxe6 13. Rd1 Qxd4 14.
Rxd4 c5 15. Rd1 b5 16. Nc3 Ra7 17. Ne4 Rd7 18. Be3 c4 19. Bc5 Bxc5 20. Nxc5 Rc7
21. Ne4 Bb7 22. Nc3 b4 23. Ne2 g5 24. Rd4 Rc5 25. f4 Rfc8 26. g3 c3 27. b3 gxf4
28. gxf4 a5 29. Kf2 Kf8 30. a3 Rd5 31. axb4 axb4 32. Ra4 Rxd4 33. Nxd4 Be4 34.
Ke3 Bg6 35. Rxb4 Ra8 36. Ra4 Rd8 37. Rc4 Ra8 38. Rxc3 Ra1 39. b4 Rb1 40. b5 h5
41. Rb3 Re1+ 42. Kd2 Re4 43. c3 Rxf4 44. b6 Be4 45. Ke3 Rh4 46. Nf3 1-0

[Event "Campeonato de Aragon por Equipos - Division de Honor"]
[Site ""]
[Date "2022.03.05"]
[Round "6.31"]
[White "Carbonel Sanchez, Andres"]
[Black "Fabre Perez, Jose Maria"]
[Result "1-0"]
[WhiteElo "1936"]
[BlackElo "2009"]
[PlyCount "0"]
[WhiteTeam "Tauste"]
[BlackTeam "Delicias"]
[EventDate "2022.01.29"]

1. e4 c5 2. Nf3 Nc6 3. d4 cxd4 4. Nxd4 g6 5. c4 Nf6 6. Nc3 d6 7. Be2 Nxd4 8.
Qxd4 Bg7 9. Be3 O-O 10. Qd2 a5 11. O-O a4 12. Rfd1 Be6 13. Rac1 Qa5 14. f3 Rfc8
15. Nb5 Nd7 16. Nd4 Nc5 17. Nxe6 Nxe6 18. Rc2 Qxd2 19. Rdxd2 f5 20. exf5 gxf5
21. f4 Nc5 22. Rd5 Rf8 23. Bxc5 dxc5 24. Bf3 a3 25. b3 Rad8 26. Re2 Bd4+ 27.
Kf1 e5 28. fxe5 Kf7 29. Rxd8 Rxd8 30. Bxb7 Ke7 31. Bd5 Rb8 32. g3 Bb2 33. Kg2
Rxb3 34. axb3 a2 35. Re1 a1=Q 36. Rxa1 Bxa1 37. Bg8 h6 38. e6 Kf6 39. Kf3 Bc3
40. g4 fxg4+ 41. Kxg4 Bd2 42. Kf3 Ke7 43. Ke4 Bb4 44. Kd5 Ba3 45. Bh7 Bb4 46.
Be4 Ba3 47. Ke5 Bb2+ 48. Kf5 Bc3 49. Bd5 Bd2 50. Kg6 Be3 51. h3 Bd2 52. b4 cxb4
53. c5 Bf4 54. h4 Bg3 55. h5 Bf4 56. Bc4 Ke8 57. Kf6 Bg5+ 58. Ke5 Kd8 59. Kd6
Bf4+ 60. Kc6 Be3 61. Kb5 Bg5 62. Kxb4 Kc7 63. Bb5 Be7 64. Kc4 Bf6 65. Kd5 Be7
66. Bd7 Bf6 67. c6 Bh4 68. Ke5 Bg5 69. Kf5 Kd6 70. Kg6 Be7 1-0

[Event "Campeonato de Aragon por Equipos - Division de Honor"]
[Site ""]
[Date "2022.03.12"]
[Round "7.1"]
[White "Forcen Esteban, Daniel"]
[Black "Garza Marco, Sergio"]
[Result "1-0"]
[WhiteElo "2558"]
[BlackElo "2396"]
[PlyCount "0"]
[WhiteTeam "Jaime Casas"]
[BlackTeam "Helios"]
[EventDate "2022.01.29"]

1. e4 c5 2. Nf3 e6 3. c3 d5 4. e5 Nc6 5. d4 Bd7 6. Be2 f6 7. O-O fxe5 8. dxe5
Qc7 9. Re1 Nh6 10. Bf4 Nf7 11. c4 d4 12. Nbd2 Be7 13. Ne4 O-O-O 14. Bd3 Rdf8
15. Qd2 g5 16. Nexg5 Nxg5 17. Nxg5 Bxg5 18. Bxg5 Nxe5 19. Bh4 Nxd3 20. Qxd3 Qc6
21. b4 cxb4 22. Qxd4 Kb8 23. Rad1 Bc8 24. c5 Ka8 25. Bg3 Rhg8 26. Qe5 Bd7 27.
Rd6 Qc8 28. Qd4 Bc6 29. Rexe6 Re8 30. Rxe8 Qxe8 31. Qxb4 h5 32. h4 Qe2 33. Qd4
Qe8 34. Kh2 a6 35. Qc4 Ka7 36. Qb3 Qc8 37. a3 Ka8 38. Qf7 Qg4 39. Qc7 Qc8 40.
Qxc8+ Rxc8 41. Rh6 Be8 42. Rh8 a5 43. Bc7 a4 44. Bb6 Kb8 45. f3 Bg6 46. Rh6 Rg8
47. g4 Kc8 48. gxh5 Bd3 49. Rd6 Be2 50. h6 1-0

[Event "Campeonato de Aragon por Equipos - Division de Honor"]
[Site ""]
[Date "2022.03.12"]
[Round "7.2"]
[White "Eizaguerri Floris, Maria"]
[Black "Antoli Royo, Joaquin Miguel"]
[Result "0-1"]
[WhiteElo "2215"]
[BlackElo "2401"]
[PlyCount "0"]
[WhiteTeam "Helios"]
[BlackTeam "Jaime Casas"]
[EventDate "2022.01.29"]

1. e4 c5 2. Nf3 d6 3. d4 cxd4 4. Nxd4 Nf6 5. Nc3 Nc6 6. Bg5 Qa5 7. Bxf6 gxf6 8.
Qd2 Nxd4 9. Qxd4 Bd7 10. O-O-O Rg8 11. Kb1 f5 12. f4 Bg7 13. e5 Bc6 14. Qd3
dxe5 15. Qxf5 e6 16. Qxh7 Kf8 17. Qd3 Bf6 18. Ne4 Rd8 19. Nxf6 Rxd3 20. Bxd3
Rxg2 21. fxe5 Qxe5 22. Rhf1 Qxh2 23. Be4 Rd2 24. Rc1 Rd4 25. Bd3 Rf4 26. Rxf4
Qxf4 27. Rf1 Qd4 28. Nh7+ Ke7 29. Ng5 f6 30. Nh7 Be4 31. Nxf6 Bxd3 32. Ng8+ Ke8
33. Rd1 Bxc2+ 34. Kxc2 Qg7 0-1

[Event "Campeonato de Aragon por Equipos - Division de Honor"]
[Site ""]
[Date "2022.03.12"]
[Round "7.3"]
[White "Ramiro Ovejero, Juan Luis"]
[Black "Navarro Alonso, Jorge"]
[Result "1/2-1/2"]
[WhiteElo "2324"]
[BlackElo "2199"]
[PlyCount "0"]
[WhiteTeam "Jaime Casas"]
[BlackTeam "Helios"]
[EventDate "2022.01.29"]

1. e4 c5 2. Nc3 e6 3. d4 cxd4 4. Qxd4 Nc6 5. Qd3 Qc7 6. Nb5 Qb8 7. Qg3 d6 8.
Bf4 e5 9. Bg5 h6 10. Be3 Nf6 11. Nc3 Be6 12. O-O-O Qc7 13. f4 Qa5 14. a3 exf4
15. Qxf4 Be7 16. Bd2 O-O 1/2-1/2

[Event "Campeonato de Aragon por Equipos - Division de Honor"]
[Site ""]
[Date "2022.03.12"]
[Round "7.4"]
[White "Lorente Melcon, Maximo"]
[Black "Gimenez Martinez, Alberto"]
[Result "0-1"]
[WhiteElo "1858"]
[BlackElo "2194"]
[PlyCount "0"]
[WhiteTeam "Helios"]
[BlackTeam "Jaime Casas"]
[EventDate "2022.01.29"]

1. e4 c5 2. Nc3 d6 3. Bb5+ Bd7 4. Bc4 Nc6 5. f4 g6 6. Nf3 Bg7 7. d3 Na5 8. O-O
Nxc4 9. dxc4 Bc6 10. Qd3 Nf6 11. Nd5 O-O 12. h3 Nxe4 13. Qxe4 e6 14. Qd3 exd5
15. cxd5 Bd7 16. c4 h5 17. Re1 Rb8 18. a4 b6 19. Qa3 Qf6 20. Bd2 Qxb2 21. Qxb2
Bxb2 22. Ra2 Bf6 23. Kf2 Rfe8 24. Ra3 Rxe1 25. Nxe1 Bb2 26. Ra2 Bd4+ 27. Kf3
Bf5 28. g4 hxg4+ 29. hxg4 Bb1 30. Ra3 f5 31. gxf5 Bxf5 32. Ng2 Kf7 33. Nh4 Bc2
34. Be3 Bxe3 35. Kxe3 Kf6 36. Kd2 Bf5 37. Nxf5 Kxf5 38. Re3 Kxf4 39. Re6 Rg8
40. Rxd6 Ke5 41. Rd7 Kd4 42. Rxa7 Kxc4 43. Ra6 Rb8 44. d6 Kd5 45. d7 Kc6 46. a5
Kxd7 47. axb6 Rb7 48. Kc3 Kc6 49. Ra8 Rxb6 50. Rg8 Kd5 51. Rd8+ Rd6 52. Rg8 Ke5
53. Kc4 Kf5 54. Kxc5 Rd1 55. Rf8+ Kg4 56. Rf2 g5 0-1

[Event "Campeonato de Aragon por Equipos - Division de Honor"]
[Site ""]
[Date "2022.03.12"]
[Round "7.5"]
[White "Abril Avellanas, Eduardo"]
[Black "Romero Pallares, Daniel"]
[Result "0-1"]
[WhiteElo "2157"]
[BlackElo "2270"]
[PlyCount "0"]
[WhiteTeam "Atletismo Huesca"]
[BlackTeam "Palacio De Pioneros A"]
[EventDate "2022.01.29"]

1. Nf3 Nf6 2. g3 g6 3. Bg2 Bg7 4. O-O O-O 5. c4 d6 6. Nc3 c5 7. d4 Nc6 8. h3
cxd4 9. Nxd4 Nxd4 10. Qxd4 Be6 11. Qh4 Rc8 12. b3 Nd7 13. Bd2 Rc5 14. Rac1 Rh5
15. Qe4 Nc5 16. Qe3 Bxh3 17. Bxh3 Rxh3 18. b4 Ne6 19. Kg2 Qd7 20. Nd5 Re8 21.
Bc3 Bxc3 22. Qxc3 Rh5 23. f4 Nc7 24. e4 Nxd5 25. cxd5 e6 26. Qc7 Qb5 27. dxe6
Qe2+ 28. Rf2 Qxe4+ 0-1

[Event "Campeonato de Aragon por Equipos - Division de Honor"]
[Site ""]
[Date "2022.03.12"]
[Round "7.6"]
[White "Garcia Gonzalez, Omar"]
[Black "Salamero Pelay, Fernando"]
[Result "1-0"]
[WhiteElo "2057"]
[BlackElo "2076"]
[PlyCount "0"]
[WhiteTeam "Palacio De Pioneros A"]
[BlackTeam "Atletismo Huesca"]
[EventDate "2022.01.29"]

1. e4 Nf6 2. e5 Nd5 3. d4 d6 4. c4 Nb6 5. exd6 cxd6 6. Nc3 g6 7. Be3 Bg7 8. Rc1
O-O 9. b3 e5 10. dxe5 dxe5 11. Qxd8 Rxd8 12. c5 N6d7 13. Nf3 Nc6 14. Bc4 Na5
15. Be2 Nc6 16. O-O h6 17. Rfd1 Nf8 18. Nb5 Be6 19. Nd6 Rab8 20. Nd2 Nb4 21.
Bf3 Nxa2 22. Nxb7 Rxd2 23. Bxd2 Nxc1 24. Rxc1 f5 25. c6 e4 26. Be2 Be5 27. b4
Kg7 28. Be3 Ra8 29. b5 g5 30. Rd1 Bc7 31. Ra1 f4 32. Bd4+ Kg6 33. Rxa7 Re8 34.
Nc5 Rd8 35. Rxc7 Rxd4 36. Nxe6 Nxe6 37. Re7 Kf6 38. c7 1-0

[Event "Campeonato de Aragon por Equipos - Division de Honor"]
[Site ""]
[Date "2022.03.12"]
[Round "7.7"]
[White "Luis Vitalla, Fernando"]
[Black "Insa Castillo, Jose Manuel"]
[Result "1-0"]
[WhiteElo "2096"]
[BlackElo "1612"]
[PlyCount "0"]
[WhiteTeam "Atletismo Huesca"]
[BlackTeam "Palacio De Pioneros A"]
[EventDate "2022.01.29"]

1. d4 g6 2. e4 Bg7 3. Nc3 c5 4. d5 a6 5. a4 Bxc3+ 6. bxc3 Qa5 7. Bd2 d6 8. c4
Qc7 9. h3 f5 10. exf5 Bxf5 11. Bd3 Nf6 12. Nf3 h6 13. Qe2 Qc8 14. Nh4 Kf7 15.
O-O Bxd3 16. Qxd3 Qg8 17. Rab1 Ra7 18. Rfe1 Nbd7 19. Nxg6 Qxg6 20. Rxe7+ 1-0

[Event "Campeonato de Aragon por Equipos - Division de Honor"]
[Site ""]
[Date "2022.03.12"]
[Round "7.8"]
[White "Adla Martin, Diego"]
[Black "Llanes Luno, Ricardo"]
[Result "1-0"]
[WhiteElo "2420"]
[BlackElo "2203"]
[PlyCount "0"]
[WhiteTeam "MyInvestor Casablanca"]
[BlackTeam "Delicias"]
[EventDate "2022.01.29"]

1. Nf3 c5 2. e4 e6 3. d3 d5 4. Qe2 Nf6 5. g3 Nc6 6. Bg2 Be7 7. O-O b5 8. exd5
exd5 9. d4 c4 10. Ne5 Nxd4 11. Qd1 Bc5 12. Nc3 Bb7 13. Be3 Ne6 14. Bxc5 Nxc5
15. Nxb5 Qb6 16. Nd4 O-O 17. b3 c3 18. Ndf3 Ne6 19. Bh3 Ba6 20. Re1 Ne4 21.
Rxe4 dxe4 22. Nd7 Qc7 23. Nxf8 Rxf8 24. Nd4 Ng5 25. Bg2 Rd8 26. Qg4 Rxd4 27.
Qxg5 h6 28. Qe3 Rd2 29. Bxe4 Re2 30. Qd4 Qe7 31. Bd3 Re1+ 32. Rxe1 Qxe1+ 33.
Kg2 Bb7+ 34. f3 Qd2+ 35. Qf2 Qd1 36. Qe2 Qxe2+ 37. Bxe2 Kf8 38. Kf2 Ke7 39. Ke3
Ke6 40. Kd4 f5 41. f4 Be4 42. Bc4+ Kd6 43. Kxc3 1-0

[Event "Campeonato de Aragon por Equipos - Division de Honor"]
[Site ""]
[Date "2022.03.12"]
[Round "7.9"]
[White "Llanes Luno, Pedro Alfredo"]
[Black "Glavina Rossi, Pablo"]
[Result "0-1"]
[WhiteElo "2041"]
[BlackElo "2397"]
[PlyCount "0"]
[WhiteTeam "Delicias"]
[BlackTeam "MyInvestor Casablanca"]
[EventDate "2022.01.29"]

1. e4 e5 2. d4 exd4 3. Qxd4 Nc6 4. Qe3 g6 5. Bd2 Bg7 6. Nc3 Nf6 7. h4 O-O 8.
O-O-O d5 9. exd5 Nb4 10. Bc4 Nbxd5 11. Qg5 c6 12. Nge2 Bf5 13. Ng3 h6 14. Nxf5
hxg5 15. Nxg7 g4 16. Bg5 Kxg7 17. Bxd5 cxd5 18. Nxd5 Nxd5 0-1

[Event "Campeonato de Aragon por Equipos - Division de Honor"]
[Site ""]
[Date "2022.03.12"]
[Round "7.10"]
[White "Vela Frago, Alberto"]
[Black "Roche Simon, Manuel Angel"]
[Result "1/2-1/2"]
[WhiteElo "2153"]
[BlackElo "2027"]
[PlyCount "0"]
[WhiteTeam "MyInvestor Casablanca"]
[BlackTeam "Delicias"]
[EventDate "2022.01.29"]

1. c4 c5 2. Nf3 Nc6 3. Nc3 e5 4. e3 f5 5. d4 e4 6. d5 exf3 7. dxc6 dxc6 8. Qxf3
Nf6 9. Be2 Bd6 10. e4 fxe4 11. Nxe4 Nxe4 12. Qxe4+ Qe7 13. Qxe7+ Bxe7 14. Be3
Be6 15. O-O-O O-O 16. h4 Rad8 17. Rxd8 Rxd8 18. b3 b6 19. g4 Bf6 20. h5 Bd4 21.
Kd2 h6 22. Rg1 Kf7 23. Kd3 b5 24. Kc2 bxc4 25. bxc4 Bxe3 26. fxe3 Kf6 27. Rf1+
Ke5 28. Rf4 Rd7 29. Bf3 Rf7 30. Re4+ Kd6 31. Rf4 Ke5 32. Re4+ Kd6 33. Rf4 Rb7
34. a3 a5 35. Bd1 Ke5 36. Bf3 Kd6 37. Bd1 Ke5 38. Bf3 Kd6 39. Bd1 Ke5 40. Bf3
1/2-1/2

[Event "Campeonato de Aragon por Equipos - Division de Honor"]
[Site ""]
[Date "2022.03.12"]
[Round "7.11"]
[White "Gaspar Calvo, Luis Alberto"]
[Black "Ruiz Gonzalez, Jorge"]
[Result "1-0"]
[WhiteElo "1835"]
[BlackElo "1981"]
[PlyCount "0"]
[WhiteTeam "Delicias"]
[BlackTeam "MyInvestor Casablanca"]
[EventDate "2022.01.29"]

1. c4 Nf6 2. Nc3 d6 3. g3 e5 4. Bg2 g6 5. d3 Bg7 6. Bg5 O-O 7. Qd2 Nbd7 8. Bh6
Rb8 9. h4 a6 10. h5 b5 11. Bxg7 Kxg7 12. hxg6 fxg6 13. Qh6+ Kh8 14. Ne4 Qe7 15.
Ng5 Nc5 16. Qxg6 bxc4 17. N1f3 Qg7 18. Qxg7+ Kxg7 19. O-O-O cxd3 20. exd3 Bf5
21. d4 Na4 22. Nh4 Ng4 23. Nxf5+ Rxf5 24. f4 exf4 25. gxf4 h6 26. Be4 Rf6 27.
Rdg1 hxg5 28. Rh7+ Kg8 29. Rxg4 Rxb2 30. Rxg5+ Kf8 31. Bd5 1-0

[Event "Campeonato de Aragon por Equipos - Division de Honor"]
[Site ""]
[Date "2022.03.12"]
[Round "7.12"]
[White "Gavin Roche, Enrique"]
[Black "Juberias Segura, Santiago"]
[Result "1/2-1/2"]
[WhiteElo "2237"]
[BlackElo "2026"]
[PlyCount "0"]
[WhiteTeam "ONCE C. A. Aragon"]
[BlackTeam "Utebo San Lamberto"]
[EventDate "2022.01.29"]

1. d4 Nf6 2. c4 g6 3. Nc3 Bg7 4. e4 d6 5. Be2 O-O 6. Nf3 e5 7. d5 Nbd7 8. Bg5
h6 9. Bh4 g5 10. Bg3 Nh5 11. h4 g4 12. Nh2 Nxg3 13. fxg3 h5 14. O-O Nf6 15. Bd3
c6 16. Rf2 cxd5 17. cxd5 Bh6 18. Qe2 Qb6 19. Kh1 Nh7 20. Nf1 f5 21. exf5 Nf6
22. Ne4 Nxe4 23. Bxe4 Rf6 24. Bd3 Bd7 25. Nd2 1/2-1/2

[Event "Campeonato de Aragon por Equipos - Division de Honor"]
[Site ""]
[Date "2022.03.12"]
[Round "7.13"]
[White "Lopez Guaita, Fernando"]
[Black "Laliena Solanes, Luis"]
[Result "0-1"]
[WhiteElo "1828"]
[BlackElo "2200"]
[PlyCount "0"]
[WhiteTeam "Utebo San Lamberto"]
[BlackTeam "ONCE C. A. Aragon"]
[EventDate "2022.01.29"]

1. e4 c6 2. d4 d5 3. exd5 cxd5 4. c4 Nf6 5. Nc3 Nc6 6. Nf3 Bg4 7. cxd5 Nxd5 8.
Be2 e6 9. O-O Be7 10. Qb3 a6 11. Nxd5 exd5 12. Be3 O-O 13. h3 Be6 14. Bd2 b5
15. Rac1 Qb6 16. Be3 Rac8 17. Rfd1 Rfd8 18. a4 Na5 19. Qa2 b4 20. b3 Rc3 21.
Rd3 Rdc8 22. Rdxc3 bxc3 23. Bd1 Qb4 24. Ne5 Bf5 25. Be2 Qxb3 26. Qxb3 Nxb3 27.
Bxa6 Rc7 28. Rf1 c2 29. Bc1 Nxc1 0-1

[Event "Campeonato de Aragon por Equipos - Division de Honor"]
[Site ""]
[Date "2022.03.12"]
[Round "7.15"]
[White "Cabestre Mines, Juan Ignacio"]
[Black "Sanz Lopez, Ruben"]
[Result "0-1"]
[WhiteElo "1393"]
[BlackElo "1876"]
[PlyCount "0"]
[WhiteTeam "Utebo San Lamberto"]
[BlackTeam "ONCE C. A. Aragon"]
[EventDate "2022.01.29"]

1. e4 c5 2. c3 d5 3. exd5 Qxd5 4. d4 Nc6 5. Be3 Nf6 6. h3 e6 7. Nf3 Be7 8. Nbd2
cxd4 9. Nxd4 Nxd4 10. Bxd4 O-O 11. Be2 Rd8 12. Bf3 Qa5 13. Nc4 Qc7 14. Ne5 Bd6
15. Qe2 Nd7 16. Nxf7 Kxf7 17. Bh5+ g6 18. Qf3+ Bf4 19. g3 e5 20. Qd5+ Kg7 21.
gxf4 exd4 22. Qxd4+ Nf6 0-1

[Event "Campeonato de Aragon por Equipos - Division de Honor"]
[Site ""]
[Date "2022.03.12"]
[Round "7.16"]
[White "Del Rey, Diego"]
[Black "Hinojar Basa, Alfonso"]
[Result "1-0"]
[WhiteElo "2370"]
[BlackElo "2125"]
[PlyCount "0"]
[WhiteTeam "El Olivar"]
[BlackTeam "Marcos Frechin"]
[EventDate "2022.01.29"]

1. Nf3 Nf6 2. c4 e6 3. g3 d5 4. b3 Be7 5. Bb2 O-O 6. Bg2 Nbd7 7. O-O c6 8. d3
b5 9. Nbd2 a5 10. Qc2 Bb7 11. e4 Qb6 12. e5 Ne8 13. Rac1 a4 14. cxd5 cxd5 15.
Bd4 Qa5 16. Qb1 Bb4 17. Rc2 Rc8 18. Rfc1 Nc7 19. bxa4 bxa4 20. Rxc7 Bxd2 21.
Qxb7 Rb8 22. Qa7 Qxa7 23. Bxa7 1-0

[Event "Campeonato de Aragon por Equipos - Division de Honor"]
[Site ""]
[Date "2022.03.12"]
[Round "7.17"]
[White "Miranda Herrera, Jorge Manuel"]
[Black "Villuendas Valero, Adrian"]
[Result "1/2-1/2"]
[WhiteElo "2051"]
[BlackElo "2271"]
[PlyCount "0"]
[WhiteTeam "Marcos Frechin"]
[BlackTeam "El Olivar"]
[EventDate "2022.01.29"]

1. e4 e6 2. d4 d5 3. exd5 exd5 4. Bd3 Nc6 5. c3 Bd6 6. Qf3 Nf6 7. h3 Ne4 8.
Bxe4 Qe7 9. Ne2 dxe4 10. Qh5 O-O 11. O-O f5 12. Bg5 Qf7 13. Qxf7+ Rxf7 14. f3
h6 15. Bf4 Bxf4 16. Nxf4 g5 17. Nd5 exf3 18. Rxf3 f4 19. Nb4 Nxb4 20. cxb4 Be6
21. Nc3 Rd8 22. Rd3 Rfd7 23. Rad1 Bd5 24. Kf2 Kg7 25. Nxd5 Rxd5 26. g3 Rf8 27.
Re1 Rf7 28. Re5 fxg3+ 29. Kxg3 Rxe5 30. dxe5 Kg6 31. e6 Re7 32. Rd7 Kf6 33.
Rxe7 Kxe7 34. Kg4 Kxe6 35. Kh5 Kf6 36. Kxh6 c6 37. a4 b6 38. a5 bxa5 39. bxa5
c5 40. b3 a6 41. Kh5 1/2-1/2

[Event "Campeonato de Aragon por Equipos - Division de Honor"]
[Site ""]
[Date "2022.03.12"]
[Round "7.18"]
[White "Hernando Garcia, Antonio"]
[Black "Ciriano Lamban, Alejandro"]
[Result "1/2-1/2"]
[WhiteElo "2133"]
[BlackElo "2028"]
[PlyCount "0"]
[WhiteTeam "El Olivar"]
[BlackTeam "Marcos Frechin"]
[EventDate "2022.01.29"]

1. Nf3 Nf6 2. c4 g6 3. Nc3 Bg7 4. g3 d6 5. Bg2 e5 6. O-O O-O 7. d3 Nc6 8. Rb1
a5 9. a3 Ne7 10. b4 axb4 11. axb4 c6 12. Qb3 Qc7 13. b5 Bf5 14. bxc6 bxc6 15.
Qb7 Ra7 16. Qxc7 Rxc7 17. Ba3 Rd8 18. Nd2 Ra7 19. Rb3 Bh6 20. Nde4 Nxe4 21.
Nxe4 Bxe4 22. Bxe4 d5 23. cxd5 cxd5 24. Bxe7 Rxe7 25. Bg2 e4 $11 26. dxe4 dxe4
27. Rfb1 f5 28. e3 Rc7 29. Bf1 Bf8 30. h4 Kf7 31. Rb7 Rdd7 32. Bc4+ Ke7 33. Ba6
Rxb7 34. Rxb7 Rxb7 35. Bxb7 h5 1/2-1/2

[Event "Campeonato de Aragon por Equipos - Division de Honor"]
[Site ""]
[Date "2022.03.12"]
[Round "7.19"]
[White "Moya Gimeno, Raul"]
[Black "Galstyan, David"]
[Result "0-1"]
[WhiteElo "1877"]
[BlackElo "1859"]
[PlyCount "0"]
[WhiteTeam "Marcos Frechin"]
[BlackTeam "El Olivar"]
[EventDate "2022.01.29"]

1. e4 e6 2. d3 d5 3. Nd2 c5 4. Ngf3 Nc6 5. g3 Nf6 6. Bg2 Be7 7. O-O O-O 8. Re1
Qc7 9. Nf1 dxe4 10. dxe4 Rd8 11. Qe2 b6 12. b3 a5 13. Bb2 a4 14. h4 Bb7 15.
N1d2 a3 16. Bc3 b5 17. Bxf6 Bxf6 18. e5 Be7 19. Nf1 Nd4 20. Nxd4 cxd4 21. Bxb7
Qxb7 22. Nd2 Rac8 23. Nf3 Rc3 24. Ng5 Bxg5 25. hxg5 Qc6 26. Red1 Rxc2 27. Qg4
d3 28. Qh4 Qf3 29. Rf1 Rdc8 30. Qb4 d2 31. Qxb5 Rc1 32. Qd7 Qc3 33. Kh2 Qxa1
0-1

[Event "Campeonato de Aragon por Equipos - Division de Honor"]
[Site ""]
[Date "2022.03.12"]
[Round "7.20"]
[White "Remiro Juste, Fernando Jose"]
[Black "Baron Rodriguez, Jesus"]
[Result "0-1"]
[WhiteElo "2209"]
[BlackElo "2405"]
[PlyCount "0"]
[WhiteTeam "Agrupacion"]
[BlackTeam "IberCaja"]
[EventDate "2022.01.29"]

1. d4 d5 2. Nf3 Bf5 3. e3 e6 4. c4 c6 5. Qb3 Qb6 6. c5 Qc7 7. Nc3 h6 8. Bd2 Nd7
9. Rc1 Ngf6 10. Nh4 Bh7 11. f4 g5 12. Nf3 Ne4 13. g3 Bg7 14. Bg2 gxf4 15. gxf4
Rg8 16. O-O Bf6 17. Be1 Ke7 18. Nxe4 Bxe4 19. Bg3 Rg7 20. f5 Rxg3 21. hxg3 Qxg3
22. Qd1 Rg8 23. Qe2 exf5 24. Rf2 f4 25. exf4 Qxf4 26. Rd1 Kd8 27. Ne5 Bxe5 0-1

[Event "Campeonato de Aragon por Equipos - Division de Honor"]
[Site ""]
[Date "2022.03.12"]
[Round "7.21"]
[White "Martinez Cebolla, Alberto"]
[Black "Ramon Perez, Jose Luis"]
[Result "1/2-1/2"]
[WhiteElo "2059"]
[BlackElo "2161"]
[PlyCount "0"]
[WhiteTeam "IberCaja"]
[BlackTeam "Agrupacion"]
[EventDate "2022.01.29"]

1. e4 c5 2. Nf3 d6 3. c3 Nf6 4. Be2 Nbd7 5. d3 b6 6. Nbd2 Bb7 7. O-O g6 8. Re1
Bg7 9. Bf1 O-O 10. d4 e5 11. d5 a6 12. c4 Nh5 13. g3 Qe8 14. Be2 Ndf6 15. a4
Bc8 16. Nh4 Bd7 17. b3 Qe7 18. Bb2 Bh6 19. Bd3 Ng7 20. Ng2 Nfh5 21. Qc2 Rae8
22. Rf1 Bh3 23. a5 Qd8 24. Bc3 bxa5 25. Rxa5 Qb6 26. Rfa1 Bc8 27. Qb2 f5 28. b4
Bxd2 29. Qxd2 cxb4 30. Bxb4 Rf7 31. c5 dxc5 32. Bxc5 Qf6 33. Bxa6 fxe4 34. Bxc8
Rxc8 35. Ra8 Qd8 36. Qa5 Rxa8 37. Qxa8 Rd7 38. Qc6 Qe8 39. Bb6 Qf7 40. Ra8+ Ne8
41. Ne3 Nhf6 42. Nc4 Qxd5 43. Qxf6 Qxa8 44. Qe6+ Rf7 45. Nxe5 Nd6 46. Qxd6 Rf5
47. Bd4 Qe8 48. Qd5+ Kf8 49. Nd7+ Ke7 50. Bc5+ Kd8 51. Bb6+ Ke7 52. Bc5+ Kd8
53. Bb6+ Ke7 54. Bc5+ Kd8 1/2-1/2

[Event "Campeonato de Aragon por Equipos - Division de Honor"]
[Site ""]
[Date "2022.03.12"]
[Round "7.22"]
[White "Barros Gutierrez, Angel Luis"]
[Black "Villalba Embid, Marcos"]
[Result "1-0"]
[WhiteElo "2043"]
[BlackElo "2058"]
[PlyCount "0"]
[WhiteTeam "Agrupacion"]
[BlackTeam "IberCaja"]
[EventDate "2022.01.29"]

1. d4 Nf6 2. c4 g6 3. Nc3 Bg7 4. e4 d6 5. h3 O-O 6. Bg5 h6 7. Be3 e5 8. d5 a5
9. Bd3 Na6 10. Nge2 Nd7 11. g4 Ndc5 12. Ng3 c6 13. Bc2 Bd7 14. dxc6 Bxc6 15.
Qd2 Qh4 16. Nd5 b5 17. g5 Bxd5 18. gxh6 Nxe4 19. Bxe4 Bxe4 20. hxg7 Bxh1 21.
gxf8=Q+ Rxf8 22. cxb5 Nb4 23. a3 Qxh3 24. axb4 axb4 25. Qxd6 Bf3 26. Qxe5 Rd8
27. Qf6 1-0